<?xml version="1.0" encoding="UTF-8"?><?xml-stylesheet type="text/xsl" href="static/style.xsl"?><OAI-PMH xmlns="http://www.openarchives.org/OAI/2.0/" xmlns:xsi="http://www.w3.org/2001/XMLSchema-instance" xsi:schemaLocation="http://www.openarchives.org/OAI/2.0/ http://www.openarchives.org/OAI/2.0/OAI-PMH.xsd"><responseDate>2026-06-01T10:50:15Z</responseDate><request verb="GetRecord" identifier="oai:riuma.uma.es:10630/29939" metadataPrefix="marc">https://riuma.uma.es/rest/oai/request</request><GetRecord><record><header><identifier>oai:riuma.uma.es:10630/29939</identifier><datestamp>2026-02-03T11:01:43Z</datestamp><setSpec>com_10630_2254</setSpec><setSpec>col_10630_37953</setSpec></header><metadata><record xmlns="http://www.loc.gov/MARC21/slim" xmlns:dcterms="http://purl.org/dc/terms/" xmlns:doc="http://www.lyncode.com/xoai" xmlns:xsi="http://www.w3.org/2001/XMLSchema-instance" xsi:schemaLocation="http://www.loc.gov/MARC21/slim http://www.loc.gov/standards/marcxml/schema/MARC21slim.xsd">
   <leader>00925njm 22002777a 4500</leader>
   <datafield ind2=" " ind1=" " tag="042">
      <subfield code="a">dc</subfield>
   </datafield>
   <datafield ind2=" " ind1=" " tag="720">
      <subfield code="a">Trianes-Torres, María Victoria</subfield>
      <subfield code="e">author</subfield>
   </datafield>
   <datafield ind2=" " ind1=" " tag="720">
      <subfield code="a">Blanca-Mena, María José</subfield>
      <subfield code="e">author</subfield>
   </datafield>
   <datafield ind2=" " ind1=" " tag="720">
      <subfield code="a">Muñoz-Sánchez, Ángela María</subfield>
      <subfield code="e">author</subfield>
   </datafield>
   <datafield ind2=" " ind1=" " tag="720">
      <subfield code="a">García-Sánchez, María Belén</subfield>
      <subfield code="e">author</subfield>
   </datafield>
   <datafield ind2=" " ind1=" " tag="720">
      <subfield code="a">Cardelle-Elawar, María</subfield>
      <subfield code="e">author</subfield>
   </datafield>
   <datafield ind2=" " ind1=" " tag="720">
      <subfield code="a">Infante-Cañete, Lidia</subfield>
      <subfield code="e">author</subfield>
   </datafield>
   <datafield ind2=" " ind1=" " tag="260">
      <subfield code="c">2002-12</subfield>
   </datafield>
   <datafield ind2=" " ind1=" " tag="520">
      <subfield code="a">En este trabajo, derivado del desarrollo del proyecto PB093-0987:"Un modelo situacional de integración de tres habilidades sociales: Asertividad, negociación y prosocialidad en el estudio de la Competencia Social" (PB93-0987), se analiza la aportación de distintas fuentes (profesorado, iguales y autoinforme de los preadolescentes), en la evaluación de habilidades sociales y problemas de la conducta social, desde un enfoque multivariado en el que cada evaluador representa un punto de vista distinto que se complementa con los otros para ofrecer una visión global de la competencia social adolescente. La muestra está compuesta por 92 alumnas y alumnos de centros educativos de Málaga. Se realiza análisis de regresión paso a paso sobre las variables previamente resumidas por medio del análisis factorial, en cada fuente y se obtienen los siguientes resultados: La evaluación del Profesorado y las medidas de autoinforme  coinciden en la valoración del comportamiento asertivo y en la valoración negativa del comportamiento impulsivo/agresivo. La evaluación de Iguales y las medidas de autoinforme coinciden al asociar comportamiento impulsivo/agresivo a la baja aceptación sociométrica. Evaluación de iguales y del profesorado correlacionan en el caso de los alumnos hábiles. La aceptación de iguales correlaciona con inhibición evaluada por el profesorado, lo cual permite cuestionar el carácter problemático de la inhibición en el contexto escolar.</subfield>
   </datafield>
   <datafield ind1="8" ind2=" " tag="024">
      <subfield code="a">Trianes, M.V., Blanca, M.J., Muñoz, Á., García, B., Cardelle-Elawar, M., &amp; Infante, L. (2002). Relaciones entre evaluadores de la competencia social en preadolescentes: profesores, iguales y autoinformes. Anales de Psicología, 18 (2). 197-214</subfield>
   </datafield>
   <datafield ind1="8" ind2=" " tag="024">
      <subfield code="a">0212-9728</subfield>
   </datafield>
   <datafield ind1="8" ind2=" " tag="024">
      <subfield code="a">https://hdl.handle.net/10630/29939</subfield>
   </datafield>
   <datafield ind1="8" ind2=" " tag="024">
      <subfield code="a">10.6018/analesps</subfield>
   </datafield>
   <datafield tag="653" ind2=" " ind1=" ">
      <subfield code="a">Niños - Conducta social - Evaluación</subfield>
   </datafield>
   <datafield ind2="0" ind1="0" tag="245">
      <subfield code="a">Relaciones entre evaluadores de la competencia social en preadolescentes: profesores, iguales y autoinformes.</subfield>
   </datafield>
</record>
</metadata></record></GetRecord></OAI-PMH>